ბათუმის შოთა რუსთაველის სახელმწიფო უნივერსიტეტის ბიბლიოთეკა

Neurological Examination Made Easy / (ბიბ.ჩანაწერი № 61736)

000 -LEADER
fixed length control field 00514nam a22001817a 4500
005 - DATE AND TIME OF LATEST TRANSACTION
control field 20240425121127.0
008 - FIXED-LENGTH DATA ELEMENTS--GENERAL INFORMATION
fixed length control field 240425s2008 enk||||| |||| 00| 0 eng d
020 ## - INTERNATIONAL STANDARD BOOK NUMBER
International Standard Book Number 9780443069468x
041 ## - LANGUAGE CODE
Language code of text/sound track or separate title eng
080 ## - UNIVERSAL DECIMAL CLASSIFICATION NUMBER
Universal Decimal Classification number 616.8 F-96
100 ## - MAIN ENTRY--PERSONAL NAME
Personal name Fuller, G.
9 (RLIN) 21932
245 ## - TITLE STATEMENT
Title Neurological Examination Made Easy /
Statement of responsibility, etc. G. Fuller.
250 ## - EDITION STATEMENT
Edition statement Fourth Editon
264 ## - PRODUCTION, PUBLICATION, DISTRIBUTION, MANUFACTURE, AND COPYRIGHT NOTICE
Place of production, publication, distribution, manufacture Edinburgh :
Name of producer, publisher, distributor, manufacturer Elsevier,
Date of production, publication, distribution, manufacture, or copyright notice 2008.
300 ## - PHYSICAL DESCRIPTION
Extent 248 p.:
Other physical details ill.;
Dimensions 22 cm.
653 ## - INDEX TERM--UNCONTROLLED
keyword ნევროლოგია
942 ## - ADDED ENTRY ELEMENTS (KOHA)
Source of classification or shelving scheme
Koha item type წიგნი
ეგზემპლარები
Withdrawn status Lost status Source of classification or shelving scheme Damaged status Not for loan Permanent Location Current Location Shelving location Date acquired Cost, normal purchase price Full call number Barcode Date last seen Copy number Price effective from Koha item type Public note
          ბათუმის შოთა რუსთაველის სახელმწიფო უნივერსიტეტის მთავარი ბიბლიოთეკა ბათუმის შოთა რუსთაველის სახელმწიფო უნივერსიტეტის მთავარი ბიბლიოთეკა წიგნსაცავი 2024-04-25 70.00 616.8 F-96 67901 2024-04-25 67901 2024-04-25 წიგნი 70 ლ.